LEADER 01231nam a2200277 i 4500 001 991003546919707536 005 20021217152037.0 008 020521s1996 it a 000 0 ita d 035 $ab11828572-39ule_inst 035 $aLE00302801$9ExL 040 $aDip.to Biologia$beng 082 0 $a612 100 1 $aCasella, Cesare$066893 245 10$aPrincipi di fisiologia /$cCesare Casella, Vanni Taglietti 260 3 $aPavia :$bLa Goliardica pavese,$c1996 300 $axxii, 937 p. :$bill. ;$c25 cm 650 4$aPhysiology 700 1 $aTaglietti, Vanni$eauthor$4http://id.loc.gov/vocabulary/relators/aut$066892 907 $a.b11828572$b30-01-07$c18-12-02 912 $a991003546919707536 945 $aLE003 612 CAS01.01 V.I C.1 (1996)$cV. 1$g1$i2003000024128$lle003$o-$pE0.00$q-$rl$s- $t0$u0$v0$w0$x0$y.i12078967$z18-12-02 945 $aLE003 612 CAS01.01 V.I C.2 (1996)$cV. 1$g2$i2003000024135$lle003$o-$pE0.00$q-$rl$s- $t0$u15$v0$w15$x0$y.i12078979$z18-12-02 945 $aLE003 612 CAS01.01 V.I C.3 (1996)$cV. 1$g3$i2003000045390$lle003$o-$pE0.00$q-$rl$s- $t0$u27$v0$w27$x0$y.i12078980$z18-12-02 996 $aPrincipi di fisiologia$9472185 997 $aUNISALENTO 998 $ale003$b01-01-02$cm$da $e-$fita$git $h0$i3 LEADER 01611nam0 22003371i 450 001 UON00089687 005 20231205102504.323 010 $a88-7642-044-4 100 $a20020107d1993 |0itac50 ba 101 $aita 102 $aIT 105 $a||||a ||||| 200 1 $aBibliografia topografica della colonizzazione greca in Italia e nelle isole tirreniche$fdiretta da G. Nenci e G. Vallet. v. ; 25 cm. 12.: Siti$eMonte Sant'Angelo (1)-Orsomarso 210 $aPisa$aRoma ; Napoli$cScuola Normale Superiore ; École Française de Rome ; Centre Jean Berard$d1993 215 $axvii, 520 p.$cill., 89 p. di tav. 606 $aBIBLIOGRAFIE RAGIONATE$3UONC026601$2FI 606 $aTopografia$3UONC026613$2FI 620 $aIT$dPisa$3UONL000055 676 $a016$cBibliografie e cataloghi di discipline e soggetti specifici$v21 702 1$aNENCI$bGiuseppe$3UONV055946 702 1$aVALLET$bGeorges$3UONV056578 712 02$aCentre Jean Bérard$cNaples$3UONV056143 712 02$aEcole Française$cRoma$3UONV100592 712 02$aScuola Normale Superiore$cPisa$3UONV002170 712 $aScuola Normale Superiore di Pisa$3UONV252504$4650 801 $aIT$bSOL$c20260313$gRICA 899 $aSIBA - SISTEMA BIBLIOTECARIO DI ATENEO E ARCHIVIO STORICO$2UONSI 912 $aUON00089687 950 $aSIBA - SISTEMA BIBLIOTECARIO DI ATENEO E ARCHIVIO STORICO$dSI N 2 MAG. GR. 001 12 $eSI MC 16683 7 12 996 $aBibliografia topografica della colonizzazione greca in Italia e nelle isole tirreniche$979354 997 $aUNIOR